000 00450nam a2200169Ia 4500
008 210210b2004 xxu||||| |||| 00| 0 eng d
020 _a1 4051 2269 2
041 _aeng
082 _a574.29 WISI
100 _aWISE (Darla J) and CARTER (Gordon R).
245 _aImmunology a Comprehensive review.
260 _aLowa, USA.
_bBlackwell Science Ltd
_c2004
300 _axii,182
650 _aImmunology
690 _aImmunology
906 _aSG04440
999 _c114947
_d114947